000 00581cam a22001935a 4500
001 L154761
008 120117s1965 xxk 000 0 eng u
035 _a(Sirsi) u154761
041 _aeng
050 _a695.43
110 _aCopper Development Association
_9216
245 _aCopper roofing
260 _aLondon
_bCopper Development Association
_c1965
300 _a196p.
_bill.
_c21cm.
520 _aTechnical information on the use of copper for roofing, flashings and weatherings.
651 4 _aUnited Kingdom
_y
690 _aBuilding materials and defects
942 _n0
999 _c113137
_d113137